000 01410nam a2200349 a 4500
001 ebr10570792
003 CaPaEBR
006 m u
007 cr cn|||||||||
008 110722s2012 nyua sb 001 0 eng d
010 _z 2011031099
020 _z9781438442709 (pbk. : alk. paper)
020 _z9781438442716 (hbk. : alk. paper)
020 _z9781438442723 (e-book)
040 _aCaPaEBR
_cCaPaEBR
035 _a(OCoLC)802046160
043 _an-us---
050 1 4 _aHJ4653.E75
_bM67 2012eb
082 0 4 _a172/.1
_223
100 1 _aMorris, Donald,
_d1945-
245 1 0 _aTax cheating
_h[electronic resource] :
_billegal, but is it immoral? /
_cDonald Morris.
260 _aAlbany :
_bExcelsior Editions,
_cc2012.
300 _axiv, 275 p. :
_bill.
504 _aIncludes bibliographical references and index.
533 _aElectronic reproduction.
_bPalo Alto, Calif. :
_cebrary,
_d2011.
_nAvailable via World Wide Web.
_nAccess may be limited to ebrary affiliated libraries.
650 0 _aTax evasion
_xMoral and ethical aspects
_zUnited States.
650 0 _aIncome tax
_xMoral and ethical aspects
_zUnited States.
650 0 _aTaxation
_xMoral and ethical aspects
_zUnited States.
655 7 _aElectronic books.
_2local
710 2 _aebrary, Inc.
856 4 0 _uhttp://site.ebrary.com/lib/rucke/Doc?id=10570792
_zAn electronic book accessible through the World Wide Web; click to view
999 _c183947
_d183947